000 00638nam a2200205 i 4500
001 15015
003 ES-MaACL
005 20231222205014.0
007 t|
008 991129s1995 sp ||||1| spa d
020 _a84-239-7691-2
080 _a821.134.2-821"19"
100 1 _aMartín Gaite, Carmen,
_d1925-2000
_977496
245 1 0 _aHilo a la cometa
_b: la visión, la memoria y el sueño /
_cCarmen Martín Gaite ; edición de Emma Martinell.
260 _aMadrid :
_bEspasa-Calpe,
_c[1995]
300 _a244 p. ;
_c22 cm.
700 1 _aMartinell, Emma.
_977693
852 _aES-MaACL
_jL-22177
999 _c15015
_d15015